00182nam a2200073Ia 4500008004100000100001600041245003000057260002100087190216s9999||||xx |||||||||||||| ||und|| aKurup K K N 0aCristeliyan Anthasraviyam bBhasha Institute